| 000 | 01596nam0a2200457 4500 | ||
|---|---|---|---|
| 001 | RU\NLR\PR\OLCAA\13820394 | ||
| 005 | 20260520113036.0 | ||
| 010 | _a978-5-17-165973-8 | ||
| 035 | _a(NLR Aleph) 022811545 | ||
| 090 |
_a13710746 _c13710746 |
||
| 100 | _a20260519d2025 u y0rusy50 ca | ||
| 101 | 0 |
_arus _ajpn |
|
| 102 | _aRU | ||
| 105 | _ay j 000|y | ||
| 181 | 0 |
_ai _b xxe |
|
| 182 | 0 | _an | |
| 200 | 1 | _aЯпонский язык. Карточки для изучения японских азбук. Хирагана Катакана | |
| 203 |
_aТекст _bвизуальный _cнепосредственный |
||
| 210 |
_aМосква _cИздательств АСТ _d2025 |
||
| 215 |
_a46, 46, 6 карточек _d12 см _eкороб |
||
| 608 | _aучебное пособие | ||
| 610 | 0 | _aучебник | |
| 610 | 0 | _aкарточки | |
| 610 | 0 | _aхирагана | |
| 610 | 0 | _aкатакана | |
| 610 | 0 | _aписьменность | |
| 610 | 0 | _aучебное пособие | |
| 610 | 0 | _a日本語 | |
| 610 | 0 | _aсамоучитель | |
| 610 | 0 | _aбазовый уровень | |
| 610 | 0 | _aначальный уровень | |
| 610 | 0 | _aдля начинающих | |
| 615 |
_aяпонский язык _2nlr_sh2 |
||
| 700 | 1 |
_aСыщикова _bА. Н. _gАлександра Николаевна _4070 _7ca |
|
| 801 | 0 |
_aRU _bNLR |
|
| 852 |
_aNLR _bОЛСАА-япон _j1-985 |
||
| 942 | _cBOOK | ||
| 945 | _aРоссийская национальная библиотека | ||
| 980 | 1 | _aJAP | |
| 980 | _aNB | ||